| 000 | 01835cas a2200421 a 4500 | ||
|---|---|---|---|
| 022 | 0 | _a0081-4601 | |
| 082 | 1 | 0 |
_a050 _bSTA |
| 245 | 0 | 4 | _aThe Statesman's year-book. |
| 260 |
_aLondon [etc.] : _bPalgrave [etc.] |
||
| 300 |
_axxxi. 1458 p: _bmaps (part fold., part col.) ; _c19 cm. |
||
| 500 | _a"Statistical and historical annual of the states of the world. Rev. after official returns." | ||
| 500 | _a"The politics, cultures and economies of the world"-- 2014 ed. | ||
| 500 | _aEditors: 1864-1882, F. Martin ; 1883-1926, J.S. Keltie (with I.P.A. Renwick, 1895-1910; M. Epstein, 1913-1926) ; 1927-1946, M. Epstein ; 1947-1967/1968, S.H. Steinberg ; 1968/1969-1969/1970, S.H. Steinberg (with J. Paxton) ; 1970/1971-1990, J. Paxton ; 1990-1997, B. Hunter ; 1998-<2014> Barry Turner. | ||
| 500 | _aIn 1899 in addition to the regular ed. there was pub. an "American edition." | ||
| 526 |
_a0 _b0 _c0 _d050_000000000000000_STA |
||
| 526 |
_a0 _b0 _c0 _d050_000000000000000_STA |
||
| 526 |
_a0 _b0 _c0 _d050_000000000000000_STA |
||
| 590 | _aSERBIB/SERLOC merged record | ||
| 650 | 0 |
_aMCE _9379 |
|
| 650 | 0 |
_aPolitical science _9335 |
|
| 650 | 4 |
_aPolitical science _xPeriodicals. _949156 |
|
| 650 | 6 |
_aGéographie économique _949157 |
|
| 650 | 6 |
_aHistoire universelle _949158 |
|
| 650 | 6 |
_aStatistiques _949159 |
|
| 650 | 7 |
_aCRONOLOGIA HISTORICA _xPUBLICACIONES PERIODICAS. _949160 |
|
| 650 | 1 | 7 |
_aGeografie. _949161 |
| 650 | 1 | 7 |
_aWORLD GOVERNMENT. _949162 |
| 650 | 1 | 7 | _aWORLD POLITICS. |
| 700 | 1 |
_aEpstein, Mortimer, _949163 |
|
| 700 | 1 |
_aHunter, Brian _949164 |
|
| 700 | 1 |
_aKeltie, John Scott, _949165 |
|
| 700 | 1 |
_aMartin, Frederick, _949166 |
|
| 700 | 1 |
_aPaxton, John. _949167 |
|
| 700 | 1 |
_aRenwick, Isaac Parker Anderson. _949168 |
|
| 700 | 1 |
_aSteinberg, S. H. _949169 |
|
| 700 | 1 | _aTurner, Barry, | |
| 942 |
_2ddc _cBK |
||
| 999 |
_c551991 _d551991 |
||